| 000 | 00361nam a2200145Ia 4500 | ||
|---|---|---|---|
| 008 | 230312s9999||||xx |||||||||||||| ||und|| | ||
| 020 | _a1-4377-2358-8 | ||
| 082 |
_a617.412 _bTOP-T |
||
| 100 | _aTopol;Eric | ||
| 245 | 0 | _aTextbook of interventional cardiology | |
| 260 |
_bSaunders _aUSA _c1990 |
||
| 300 | _a908 | ||
| 650 |
_aMedical _vCardiology |
||
| 942 | _cBK | ||
| 999 |
_c12581 _d12581 |
||